La iglesia de los tiempos bárbaros

সংরক্ষণ করুন:
গ্রন্থ-পঞ্জীর বিবরন
প্রধান লেখক: Rops, Daniel (Author)
বিন্যাস: গ্রন্থ
ভাষা:স্প্যানিশ
প্রকাশিত: Barcelona Luis de Caralt 1956
মালা:Cultura Histórica
বিষয়গুলি:
ট্যাগগুলো: ট্যাগ যুক্ত করুন
কোনো ট্যাগ নেই, প্রথমজন হিসাবে ট্যাগ করুন!

MARC

LEADER 00000cam a2200000 a 4500
001 UCL3005
003 CL-VaPUC
008 031114e19560000SP |||||||||||||||||spa|d
082 0 4 |a 270.2  |b ROP  |2 21 
100 0 |a Rops, Daniel  |e author  |9 480244 
245 1 3 |a La iglesia de los tiempos bárbaros 
300 |a 678 p 
942 |c BK 
945 |d 20031114 00:00:00  |a rbrito 
260 |a Barcelona  |b Luis de Caralt  |c 1956 
650 0 |a Patrística  |9 322007 
650 0 |a Cristianismo  |9 257361 
650 7 |a PERSECUSIONES RELIGIOSAS  |2 CL-VaPUC  |9 480245 
650 0 |a Historia de la iglesia   |9 257565 
583 |a last modification  |c 20150713 10:00:29  |k Rodrigo Vera 
490 0 |a Cultura Histórica 
999 |c 306158  |d 306156 
952 |0 0  |1 0  |4 0  |6 270_200000000000000_ROP_1956  |7 0  |8 A  |9 370927  |a BIBTEO  |b BIBTEO  |d 2019-11-21  |i 2085356  |o 270.2 ROP 1956  |p 2085356  |r 2025-01-17  |w 2019-11-21  |y BK  |k ICR 
952 |0 0  |1 0  |3 erd  |4 0  |6 270_200000000000000_ROP_1956  |7 0  |8 A  |9 370929  |a BIBTEO  |b BIBTEO  |e Villagrán Garnham, Jorge  |i 5187389  |o 270.2 ROP 1956  |p 5187389  |r 2025-01-17  |w 2019-11-21  |y BK  |z Catalogado en:20150728  |k ICR 
952 |0 0  |1 0  |3 erd  |4 0  |6 270_200000000000000_ROP_1956  |7 0  |8 A  |9 370930  |a BIBTEO  |b BIBTEO  |e Villagrán Garnham, Jorge  |i 5302137  |o 270.2 ROP 1956  |p 5302137  |r 2025-01-17  |w 2019-11-21  |y BK  |z Catalogado en:20160505  |k ICR